[Event "POL-ch Rapid"]
[Site "Lublin"]
[Date "2023.10.07"]
[Round "1"]
[White "Misiek, Marcel"]
[Black "Piesik, Piotr"]
[Result "0-1"]
[WhiteElo "1296"]
[BlackElo "2426"]
[PlyCount "97"]
[EventDate "2023.10.07"]
[EventType "swiss (rapid)"]
[EventRounds "9"]
[EventCountry "POL"]
[SourceTitle "CBM 216 Extra"]
[Source "ChessBase"]
[SourceDate "2023.11.30"]
[SourceVersion "1"]
[SourceVersionDate "2023.11.30"]
[SourceQuality "1"]

1. d4 c5 2. c4 cxd4 3. Qxd4 Nc6 4. Qd1 Nf6 5. Nf3 e6 6. Nc3 Bc5 7. Bg5 h6 8. Bh4 Qb6 9. Qc2 d6 10. e3 Ng4 11. 0-0-0 0-0 12. Na4 Qa5 13. Nxc5 Qxc5 14. Be2 Nge5 15. Nd4 Nb4 16. Qb3 d5 17. a3 Na6 18. Qb5 dxc4 19. Qxc5 Nxc5 20. Be7 Ncd3+ 21. Bxd3 Nxd3+ 22. Rxd3 cxd3 23. Bxf8 Kxf8 24. Kd2 e5 25. Nf3 e4 26. Nd4 Bd7 27. Rc1 Rc8 28. Rxc8+ Bxc8 29. f3 f5 30. Nb5 Ke7 31. f4 Bd7 32. Nd4 Kd6 33. Kc3 Kc5 34. Nb3+ Kd5 35. Nd4 g5 36. g3 Kd6 37. Nb3 Ke7 38. Nd2 Kf6 39. Kd4 Kg6 40. Ke5 Kh5 41. Kf6 gxf4 42. gxf4 Kg4 43. h3+ Kxh3 44. Kg6 Kg3 45. Kxh6 Kf2 46. Nc4 Be6 47. Kg5 Bxc4 48. Kxf5 d2 49. Kxe4 0-1